000 00385nam a22001577a 4500
005 20180607115825.0
008 160429b xxu||||| |||| 00| 0 eng d
020 _a978-81-203-3562-2
041 _aeng
082 _b00930
_a657
100 _aNarayan swamy R.
_9268
245 _aFinancial Accounting
260 _aNew Delhi
_bPHI learning Pvt. Ltd.
_c2008
300 _a699
942 _cBK
999 _c308
_d308